000
00313nam a22001457a 4500
999
_c
11976
_d
11976
020
_a
978-0805346800
082
_a
571.6
100
_a
Becker Kleinsmith
245
_a
The World of the Cell
250
_a
6th
260
_a
New York
_b
Pearson
_c
2006
300
_a
1250
650
_a
BioScience
942
_c
BK